Nombre manquant dans titre de film. - Statistiques

Statistiques générales
  • Ce quiz a été pris 1 063 fois
  • Le résultat moyen est 13 sur 19
Statistiques - réponses
Hint Réponse % Correct
Vendredi ___ 13
96%
Les ___ Dalmatiens 101
94%
Les ___ Fantastiques 4
89%
OSS ___ : Le Caire, nid d'espions 117
86%
___ pattes 1001
81%
___ lieu sous les mers 20 000
78%
___ ans, toujours puceau 40
75%
___ Jump street 21
71%
___ : L'Odyssée de l'espace 2001
70%
___ secondes chrono 60
70%
___ Fast ___ Furious 2
68%
___ heures chrono 48
67%
___ contre Docteur No 007
63%
La ___ ème vague 5
63%
___ : la naissance d'un empire 300
54%
___ : La prophétie 2012
53%
A l'aube du ___ème jour 6
53%
La maison des ___ morts 1000
47%
___ minutes pour vivre 58
32%
Aucun quiz correspondant
Distribution des résultats
% des personnes avec chaque résultat
Percentile par nombre de réponses
Votre historique - résultats
Vous n’avez pas pris ce quiz